Thirty years on the north-west frontier / (Record no. 16217)

000 -LEADER
fixed length control field 02171nam a2200265 a 4500
001 - CONTROL NUMBER
control field ASIN0199063036
005 - DATE AND TIME OF LATEST TRANSACTION
control field 20170105102935.0
008 - FIXED-LENGTH DATA ELEMENTS--GENERAL INFORMATION
fixed length control field 150901s2011 xxu eng d
020 ## - INTERNATIONAL STANDARD BOOK NUMBER
International Standard Book Number 0199063036 (paperback)
020 ## - INTERNATIONAL STANDARD BOOK NUMBER
International Standard Book Number 9780199063031 (paperback)
040 ## - CATALOGING SOURCE
Original cataloging agency 0
082 ## - DEWEY DECIMAL CLASSIFICATION NUMBER
Classification number 954.91
Author Mark MAL 2011
100 1# - MAIN ENTRY--PERSONAL NAME
Personal name Mallam, Leslie.
245 10 - TITLE STATEMENT
Title Thirty years on the north-west frontier /
Statement of responsibility, etc. Leslie Mallam.
260 ## - PUBLICATION, DISTRIBUTION, ETC.
Place of publication, distribution, etc. [S.l.] :
Name of publisher, distributor, etc. Oxford University Press Karachi,
Date of publication, distribution, etc. 2011.
300 ## - PHYSICAL DESCRIPTION
Extent 272 p.
520 ## - SUMMARY, ETC.
Summary, etc. Lieutenant Colonel Leslie Mallam’s memoir covers his career - both as a soldier in the Indian Army (2nd Bengal Lancers) and as a political officer on the North-West Frontier. He established a great rapport with the many tribes of the North-West Frontier, especially the Pathan people, with whom he shared a lasting mutual respect. His career also encompassed his roles as a Barrister, District Judge and Chief Secretary to the Governor of the province.Leslie Mallam retired from service just after the Partition of India and Pakistan in 1947 and returned to England and joined the Church, serving as vicar in the parish of Eckington in the Diocese of Worcester.In a career spanning nearly three decades in the Indian Political Service, Leslie Mallam developed a special intrest and love of the North-West Frontier and its people. As Britain prepared to relinquish its authority, Mallam led a large team of Indian Civil Servants who wrote a ‘Frontier Development Plan’ which regrettably was never implemented. Its structure and recommendations might well have changed the course of history in the area which we know to the Afghan-Pakistan border region. 
650 ## - SUBJECT ADDED ENTRY--TOPICAL TERM
Topical term or geographic name entry element A Young World, Tramp, India, France and Palestine
650 ## - SUBJECT ADDED ENTRY--TOPICAL TERM
Topical term or geographic name entry element Base Depot, Allahabad, North-West Frontier: Indian Political Service, Persian and Arabian Gulf: Slaves and Pearls, Arab Oil and Back to the Frontier , Frontier Revolt
650 ## - SUBJECT ADDED ENTRY--TOPICAL TERM
Topical term or geographic name entry element Counsellor, British Legation, Kabu
650 ## - SUBJECT ADDED ENTRY--TOPICAL TERM
Topical term or geographic name entry element Deputy Commissioner, Kohat
650 ## - SUBJECT ADDED ENTRY--TOPICAL TERM
Topical term or geographic name entry element Political Agent, Malakand
856 40 - ELECTRONIC LOCATION AND ACCESS
Materials specified Amazon.com
Uniform Resource Identifier <a href="http://www.amazon.com/exec/obidos/ASIN/0199063036/chopaconline-20">http://www.amazon.com/exec/obidos/ASIN/0199063036/chopaconline-20</a>
942 ## - ADDED ENTRY ELEMENTS (KOHA)
Source of classification or shelving scheme
Koha item type Book
Holdings
Withdrawn status Lost status Damaged status Not for loan Collection code Permanent Location Current Location Shelving location Date acquired Total Checkouts Full call number Barcode Date last seen Price effective from Koha item type
          Centre for International Peace & Stability (CIPS) Centre for International Peace & Stability (CIPS) General Stacks 09/01/2015   954.91 MAL 2011 CIPS0002661 09/01/2015 09/01/2015 Book
© 2023 Central Library, National University of Sciences and Technology. All Rights Reserved.